000 00716nam a2200205Ia 4500
003 OSt
005 20240805154848.0
008 210210b1977 xxu||||| |||| 00| 0 eng d
040 _cAL
041 _aKannada
082 _a282.092K SVAB
100 _aSVAMI SUPRIYA.
_9141753
_d ಸ್ವಾಮಿ ಸುಪ್ರಿಯಾ
245 _aBhaktasantara jivana charitre:santa Margarita Mariyamma.
_bಭಕ್ತಸಂತರ ಜೀವನ ಚರಿತ್ರೆ : ಸಂತ ಮಾರ್ಗರಿಟಾ ಮಾರಿಯಮ್ಮ
260 _aBengaluru
_bShatabdi Prakashana
_c1977
300 _a56
650 _aSaint Margarita Mariyamma
_9141754
690 _aChristianity
_9141755
906 _a047311
942 _2ddc
_cBK
999 _c96160
_d96160